书目信息 |
| 题名: |
中学生阅读文选
|
|
| 作者: | ;唐山市教育局教研室 , 唐山市地区行政公署教育局教研室 编 | |
| 分册: | ||
| 出版信息: | 唐山 不详 1980 |
|
| 页数: | 211页 | |
| 开本: | 19cm | |
| 丛书名: | ||
| 单 册: | ||
| 中图分类: | H09 , G633.3 | |
| 科图分类: | ||
| 主题词: | 语文--中学--课外读物 , 教育--各级 | |
| 电子资源: | ||
| ISBN: | ||
| 000 | 00952nam0 2200253 45 | |
| 001 | 0181008970 | |
| 005 | 20060817163512.75 | |
| 010 | @dCNY0.47(5) | |
| 100 | @a19950615d1980 demy0chiy0121 ea | |
| 101 | 0 | @achi |
| 105 | @ay z 000yy | |
| 200 | 10 | @a中学生阅读文选@Azhong xue sheng yue du wen xuan@e高中本@f唐山市地区行政公署教育局教研室,唐山市教育局教研室编@Ftang shan shi di qu xing zheng gong shu jiao yu ju jiao yan shi,tang shan shi jiao yu ju jiao yan shi bian |
| 210 | @a唐山@c不详@d1980 | |
| 215 | @a211页@d19cm | |
| 517 | 1 | @a高中本@Agao zhong ben |
| 606 | @a语文@x中学@x课外读物 | |
| 606 | 0 | @a教育@x各级 |
| 690 | @aH09@v4 | |
| 690 | @aG633.3@v3 | |
| 711 | 0 | @a唐山市教育局教研室@Atang shan shi jiao yu ju jiao yan shi@4编 |
| 711 | 0 | @a唐山市地区行政公署教育局教研室@Atang shan shi di qu xing zheng gong shu jiao yu ju jiao yan shi@4编 |
| 801 | 0 | @aCN@bTSSF@c20060817 |
| 801 | 2 | @aCN@bNLC@c20060802 |
| 905 | @a10447@dG633.3@e388 | |
| 中学生阅读文选:高中本/唐山市地区行政公署教育局教研室,唐山市教育局教研室编.-唐山:不详,1980 |
| 211页;19cm |
| ISBN :CNY0.47(5) |
| ● |
| 相关链接 |
|
|
|
|
正题名:中学生阅读文选
索取号:G633.3/388
 
预约/预借
| 序号 | 登录号 | 条形码 | 馆藏地/架位号 | 状态 | 备注 |
| 1 | 0030678 | 000392612 | 密集书库/ [索取号:G633.3/388] | 在馆 | |
| 2 | 0465445 | 204654454 | 密集书库/ [索取号:G633.3/388] | 在馆 |